|
|
|
|
| LEADER |
00000nam a2200000 a 4500 |
| 001 |
vtls008294890 |
| 003 |
SK-MaSNL |
| 005 |
20260302074139.0 |
| 008 |
200115s1991 xo f f 000 0 slo |
| 015 |
|
|
|a SNBA1991
|
| 020 |
|
|
|q (brožované)
|
| 035 |
|
|
|a urn:nbn:sk:snk-am00cv7v
|
| 035 |
|
|
|a urn:nbn:sk:snk-am3hogm
|
| 035 |
|
|
|a 3A564C41-4856-48D0-80A8-8FA03B3B6255
|
| 040 |
|
|
|a SNK
|b slo
|c SNK
|e AACR2
|
| 041 |
0 |
|
|a slo
|
| 044 |
|
|
|a xo
|c SK
|
| 072 |
|
7 |
|a 004.4/.6
|x Programové vybavenie. Programové prostriedky
|2 konspekt
|
| 080 |
|
|
|a 004.451.9MS-DOS
|2 1981
|
| 080 |
|
|
|a (035)
|2 1981
|
| 100 |
1 |
|
|a Hodinár, Karol
|4 aut
|9 286575
|
| 245 |
1 |
0 |
|a Operačný systém MS-DOS
|b MS - DOS verzia 3.3 popis, príkazy, použitie
|c Karol Hodinár
|
| 250 |
|
|
|a 1. vydanie
|
| 260 |
|
|
|a Bratislava
|b Cservenka
|c 1991
|
| 300 |
|
|
|a 78 strán
|c 14 cm
|
| 490 |
1 |
|
|a Malá knižnica PC
|
| 650 |
0 |
7 |
|a operačné systémy
|2 SNKPH
|9 2069
|
| 655 |
|
7 |
|a príručky
|2 SNKPH
|9 74364
|
| 830 |
|
0 |
|a Malá knižnica PC
|9 306747
|
| 958 |
|
|
|a TL
|
| 999 |
|
|
|c 1163873
|d 1165803
|
| 952 |
|
|
|a SNK
|b SNK
|y VYP
|7 0
|p 17A1531504
|o snkSE 10975 D1
|i snk2023/17293
|8 7
|0 0
|1 0
|4 0
|d 2023-11-28
|l 0
|r 2026-02-24 20:41:24
|w 2026-02-24
|
| 952 |
|
|
|a SNK
|b SNK
|y PREZ
|7 0
|p 17A0474264
|o snkSE 10975
|i snk2005/14448
|8 1
|0 0
|1 0
|4 0
|d 2005-08-19
|f 1
|l 0
|r 2026-02-24 20:41:24
|w 2026-02-24
|